Normal view MARC view
  • Educación

Entry Materia

Number of records used in: 13

001 - NÚMERO DE CONTROL DEL REGISTRO

  • campo de control: 14843

003 - IDENTIFICADOR DE NUMERO DE CONTROL

  • campo de control: UPN

005 - FECHA Y HORA DE LA ÚLTIMA TRANSACCIÓN

  • campo de control: 20230517121236.0

008 - DATOS DE LONGITUD FIJA

  • campo de control de longitud fija: 230517dn fcznnbabb n ana |d

035 ## - NÚMERO DE CONTROL DEL SISTEMA

  • Número de control del sistema: UPN10000014851

040 ## - FUENTE DE LA CATALOGACIÓN

  • Lengua de catalogación: spa
  • Centro catalogador de origen: MX-MxUPN

046 ## - FECHAS CON CODIFICACIÓN ESPECIAL

  • Fecha final para contenidos agregados: 2023

150 ## - ENCABEZAMIENTO - TEMÁTICO

  • Término de materia o nombre geográfico como elemento inicial: Educación
  • Subdivisión geográfica: México
  • Subdivisión de forma: Anuarios

670 ## - FUENTE EN LA QUE SE LOCALIZARON DATOS

  • Cita de la fuente: Escamilla González, G. Lista de encabezamientos de materia, 1978:
  • Información localizada: página 283 (Educación - Corea (República Democrática Popular, 1948- ) - Anuarios)

902 ## - CATALOGADOR

  • Catalogador: CAA/130104
  • Catalogador: VíctorGodínez/170523